Unamuno.
Guardat en:
| Autors principals: | , , |
|---|---|
| Altres autors: | , , , , |
| Format: | Llibre |
| Idioma: | espanyol |
| Publicat: |
Santiago, Chile
Universidad De Chile, Departamento de Extensión Universitaria
1964
|
| Matèries: | |
| Etiquetes: |
Afegir etiqueta
Sense etiquetes, Sigues el primer a etiquetar aquest registre!
|
MARC
| LEADER | 00000cam a2200000 a 4500 | ||
|---|---|---|---|
| 001 | UCY6034 | ||
| 003 | CL-VaPUC | ||
| 005 | 20220427074624.0 | ||
| 008 | 950521e19640000CL |||||||||||||||||spa|d | ||
| 999 | |c 233619 |d 233617 | ||
| 040 | |c Pontificia Universidad Católica de Valparaíso | ||
| 082 | 0 | 4 | |a 860.9 CIU 1964 |2 21 |
| 100 | 0 | |a Ciudad, Mario |9 335573 | |
| 245 | 1 | 0 | |a Unamuno. |
| 260 | |a Santiago, Chile |b Universidad De Chile, Departamento de Extensión Universitaria |c 1964 | ||
| 300 | |a 173 páginas | ||
| 583 | |a last modification |c 20170420 01:22:16 |k Rodrigo Vera | ||
| 600 | 0 | 7 | |a UNAMUNO, MIGUEL DE |2 CL-VaPUC |9 312478 |
| 650 | 0 | |a Literatura española |9 306261 | |
| 650 | 0 | |a Crítica literaria |9 269189 | |
| 700 | |a Morales, José Ricardo |e autor |9 374099 | ||
| 700 | 0 | |a Uriarte, fernando |9 335575 | |
| 700 | |a Lefebvre, Alfredo |9 515462 | ||
| 700 | 0 | |a Torreti, Roberto |9 335577 | |
| 700 | |a Huerta, Eleazar |e author |9 468025 | ||
| 700 | |a Goic, Cedomil |e author |9 570265 | ||
| 700 | 0 | |a Benavides Lillo, Ricardo |9 335580 | |
| 942 | |c BK |2 ddc | ||
| 945 | |d 19950521 00:00:00 |a rbrito | ||
| 952 | |0 0 |1 0 |2 ddc |4 0 |6 860_900000000000000_CIU_1964 |7 0 |8 A |9 239252 |a FDOPOS |b FDOPOS |d 2019-11-18 |i 2002337 |o 860.9 CIU 1964 |p 2002337 |r 2025-01-22 |t 1 |w 2019-11-18 |y BK |k MLH | ||
| 952 | |0 0 |1 0 |2 ddc |3 erb |4 0 |6 860_900000000000000_CIU_1964 |7 0 |8 A |9 239253 |a BIBEDU |b BIBEDU |i 5389550 |o 860.9 CIU 1964 |p 5389550 |r 2019-11-18 |t 2 |w 2019-11-18 |y BK |z Catalogado en:20170422 |k LIT | ||